zpět

Detail výsledku týmu

Chicago Bar & Grill ÚT, Liberec

Datum a čas kvízu

39.5 Celkem bodů Celkový počet nahraných bodů na tomto kvízu bez doplňovacích otázek.
3. Pořadí na kvízu Konečné umístění týmu na tomto kvízu.

Zaznamenané odpovědi

# Otázka Odpověď Body Výsledky
1. Jedna česká politička se pochl... Alena Schillerová, lev 1
2. Bezpečnostní složky na kosmodr... raketoplán Buran 1
3. V sobotu se konalo finále 69.... Švýcarsko, Adam Pavlovčin (Adonxs) 1
4. Minulý týden jsme se dozvěděli... Kofola 0
5. Který dopravní prostředek využ... traktor 0
6. Podíváme se na pět reklam, z n... sázení (sázková kancelář, hazard) 1
7. Tento spot přijala veřejnost o... fazole 0
8. Spot je z roku 2014. Rada pro... T-Mobile 1
9. Tato televizní reklama na Fido... B) hodí panenku na kapotu a posádku omráčí airbagy 1
10. Režisér Jakub Kohák natočil te... BESIP 1